Mi visión del mundo (Registro nro. 49758)
[ vista simple ]
| 000 -ENCABEZADO | |
|---|---|
| Número de control [NR] | 01133nam a2200289Ia 4500 |
| 005 - FECHA Y HORA DE LA ÚLTIMA TRANSACCIÓN | |
| control field | 20240530094619.0 |
| 008 - DE LONGITUD FIJA DE DATOS DE ELEMENTOS - INFORMACIÓN GENERAL | |
| Elementos de longitud fija [NR] | 130821s2005 sp gr spa |
| 020 ## - NUMERO INTERNACIONAL NORMALIZADO PARA LIBROS [R] | |
| Número Internacional Normalizado del libro [NR] | 8483104202 |
| 040 ## - FUENTE DE CATALOGACION [NR] | |
| Agencia de catalogación original [NR] | Co-BoUCM |
| Idioma de catalogación [NR] | spa |
| Quien Cataloga | Luz Cupitra (modificó) |
| Quien Clasifica | David Moreno (modificó) |
| 041 00 - CODIGO DE IDIOMA [R] | |
| Código de idioma para texto/pista de sonido o título separado [R] | Español |
| 100 1# - ASIENTO PRINCIPAL--NOMBRE PERSONAL [NR] | |
| Nombre personal [NR] | Einstein, Albert |
| Fechas asociadas con el nombre [NR] | 1879-1955 |
| ID Autoridad | 44977 |
| 245 10 - MENCION DE TITULO [NR] | |
| Título [NR] | Mi visión del mundo |
| Mención de responsabilidad, etc. [NR] | Albert Einstein; traducción de Sara Gallardo y Marianne Bübeck |
| 260 ## - PUBLICACION, DISTRIBUCION, ETC. (PIE DE IMPRENTA) [R] | |
| Lugar de publicación, distribución, etc. [R] | Barcelona (España) |
| Nombre del editor, distribuidor, etc. [R] | Tusquets Editores |
| Fecha de publicación, distribución, etc. [R] | 2005 |
| 300 ## - DESCRIPCION FISICA [R] | |
| Extensión [R] | 233 Páginas |
| 490 ## - MENCION DE SERIE [R] | |
| Mención de serie [R] | Metatemas |
| Designación numérica/secuencial del volumen [NR] | 90 |
| 586 ## - NOTA DE PREMIOS [R] | |
| Nota de premios [NR] | Premio Nobel de Física, 1921. |
| 600 ## - ASIENTO SECUNDARIO DE MATERIA - NOMBRE PERSONAL [R] | |
| Nombre personal [NR] | Einstein, Albert |
| Fechas asociadas con el nombre [NR] | 1879-1955 |
| Subdivisión de forma [R] | Colecciones de escritos |
| 9 (RLIN) | 74522 |
| 650 04 - ASIENTO SECUNDARIO DE MATERIA - TERMINO TEMATICO [R] | |
| Término temático o nombre geográfico como elemento de entrada [NR] | Ciencia y civilización |
| Subdivisión de forma [R] | Ensayos, conferencias, etc. |
| 9 (RLIN) | 10783 |
| 650 04 - ASIENTO SECUNDARIO DE MATERIA - TERMINO TEMATICO [R] | |
| Término temático o nombre geográfico como elemento de entrada [NR] | Ciencias naturales |
| 9 (RLIN) | 10813 |
| 650 04 - ASIENTO SECUNDARIO DE MATERIA - TERMINO TEMATICO [R] | |
| Término temático o nombre geográfico como elemento de entrada [NR] | Filosofía política |
| Subdivisión de forma [R] | Ensayos, conferencias, etc. |
| 9 (RLIN) | 49106 |
| 650 04 - ASIENTO SECUNDARIO DE MATERIA - TERMINO TEMATICO [R] | |
| Término temático o nombre geográfico como elemento de entrada [NR] | Relatividad (Física) |
| Subdivisión de forma [R] | Ensayos, conferencias, etc. |
| 9 (RLIN) | 74523 |
| 700 1# - ASIENTO SECUNDARIO - NOMBRE PERSONAL [R] | |
| Nombre personal [NR] | Bübeck, Marianne |
| 9 (RLIN) | 74524 |
| 700 1# - ASIENTO SECUNDARIO - NOMBRE PERSONAL [R] | |
| Nombre personal [NR] | Gallardo, Sara |
| 9 (RLIN) | 74525 |
| 765 10 - ASIENTO DE IDIOMA ORIGINAL [R] | |
| Asiento principal [NR] | Mein weltbild. |
| 942 ## - ELEMENTOS DE ENTRADA AGREGADOS (KOHA) | |
| Tipo de ítem principal el descrito en 300a | Libro |
| Tema principal | Ciencias puras |
| Edición | 1 |
| Parte restante de la signatura top. | E357m |
| Sistema de clasificación | DEWEY |
| Clasificación | 501 |
| Título oculto en OPAC | No |
| Fecha de último préstamo | Total préstamos | Total Renewals | Signatura topográfica | Código de barras | Última vez visto | Ejemplar | Price effective from | Tipo de ítem | Perdido | Sistema de clasificación | Dañado | No prestable | Tipo de ítem específico | Suprimido | Ubicación habitual | Ubicación actual | Localización | Fecha de creación | Forma de adquisición | Costo |
|---|---|---|---|---|---|---|---|---|---|---|---|---|---|---|---|---|---|---|---|---|
| 09/02/2013 | 2 | 9 | 501 E357m | 200021909 | 11/12/2025 | Ej.1 | 03/02/2013 | Libro | DEWEY | Libro | Quinta de Mutis | Quinta de Mutis | Mezanecs | 28/02/2013 | Compra | 38000.00 |